=LDR 00000nam 2200000 4500 =001 INLIS000000000030986 =005 20130612133104 =008 ***********************************ind** =035 ##$$0010-061300000030986 =041 ##$$a ind =082 ##$$a 028.5 =090 ##$$a 028.5, Mua m =100 ##$$a Muakhir, Ali =245 ##$$a Membelah Laut, oleh Ali Muakhir; penerjemah, peratama Almahdaly =260 ##$$a [.....?] $b Jakarta =300 ##$$a 23 hlm, ilus, 92 cm =650 ##$$a Bacaan Kanak-kanak =850 ##$$a NBPNMAT =990 ##$$a 0001/BPAP-NTB/20142015